| 000 | 00757nam a22002297a 4500 | ||
|---|---|---|---|
| 001 | 19139 | ||
| 003 | BD-RjUL | ||
| 005 | 20211209000406.0 | ||
| 008 | 140223s1957 pk |||| |||| 000 0 eng d | ||
| 035 | _a(BD-RjUL)19197 | ||
| 040 |
_aBD-RjUL _beng _cBD-RjUL |
||
| 041 | _aeng | ||
| 082 | 0 | 4 |
_219 _a384.8095491 _bANF 1957 |
| 100 | 1 |
_aAnwar, Abdul Aziz _944322 |
|
| 245 | 0 |
_aFilm industry in West Pakistan / _c Abdul Aziz, Anwar, |
|
| 260 |
_a Punjab (Pakistan) : _b Board of Economic Inquiry, _c1957. |
||
| 300 |
_a vii, 249 p. ; _c 25 cm. |
||
| 490 | 0 |
_a Publication (Board of Economic Inquiry, West Pakistan, Lahore), _vno. 117. |
|
| 500 | _aIncludes statistical tables. | ||
| 650 | 0 |
_a Motion picture industry -- Pakistan. _958943 |
|
| 942 |
_2ddc _cBK |
||
| 999 |
_c19139 _d19139 |
||